Butterflies on Carmen Street / (Record no. 60712)
[ view plain ]
| 000 -LEADER | |
|---|---|
| fixed length control field | 02036cam a2200457 a 4500 |
| 001 - CONTROL NUMBER | |
| control field | BK0007222329 |
| 003 - CONTROL NUMBER IDENTIFIER | |
| control field | DLC |
| 005 - DATE AND TIME OF LATEST TRANSACTION | |
| control field | 20241220123144.0 |
| 008 - FIXED-LENGTH DATA ELEMENTS--GENERAL INFORMATION | |
| fixed length control field | 070117s2007 txua b 000 1 eng |
| 010 ## - LIBRARY OF CONGRESS CONTROL NUMBER | |
| LC control number | 2007061475 |
| 020 ## - INTERNATIONAL STANDARD BOOK NUMBER | |
| International Standard Book Number | 9781558854840 : HRD |
| Terms of availability | $15.95 |
| 020 ## - INTERNATIONAL STANDARD BOOK NUMBER | |
| International Standard Book Number | 1558854843 : HRD |
| Terms of availability | $15.95 |
| 037 ## - SOURCE OF ACQUISITION | |
| Source of stock number/acquisition | Arte Publico Pr, Univ Houston 452 Cullen Performance Hall, Houston, TX, USA, 77204-2004 |
| Note | SAN 213-4594 |
| 040 ## - CATALOGING SOURCE | |
| Original cataloging agency | DLC |
| Transcribing agency | DLC |
| Modifying agency | BTCTA |
| -- | BAKER |
| -- | XY4 |
| -- | YDXCP |
| -- | TEF |
| -- | DLC |
| 041 1# - LANGUAGE CODE | |
| Language code of text/sound track or separate title | eng |
| 041 1# - LANGUAGE CODE | |
| Language code of text/sound track or separate title | spa |
| Language code of original and/or intermediate translations of text | eng |
| 050 00 - LIBRARY OF CONGRESS CALL NUMBER | |
| Classification number | PZ73 |
| Item number | .B6856 2007 |
| 082 00 - DEWEY DECIMAL CLASSIFICATION NUMBER | |
| Classification number | [E] |
| Edition number | 22 |
| 092 ## - LOCALLY ASSIGNED DEWEY CALL NUMBER (OCLC) | |
| Classification number | E |
| 092 ## - LOCALLY ASSIGNED DEWEY CALL NUMBER (OCLC) | |
| Classification number | BROWN |
| 100 1# - MAIN ENTRY--PERSONAL NAME | |
| Personal name | Brown, Monica, |
| Dates associated with a name | 1969- |
| 9 (RLIN) | 5796559 |
| 240 10 - UNIFORM TITLE | |
| Uniform title | <a href="Butterflies on Carmen Street.">Butterflies on Carmen Street.</a> |
| Language of a work | Spanish & English |
| 245 10 - TITLE STATEMENT | |
| Title | Butterflies on Carmen Street / |
| Statement of responsibility, etc | by Monica Brown ; illustrations by April Ward ; spanish translation by Gabriela Baeza Ventura = Mariposas en la calle Carmen / por Monica Brown ; ilustraciones de April Ward ; traducción al español de Gabriela Baeza Ventura. |
| 246 31 - VARYING FORM OF TITLE | |
| Title proper/short title | Mariposas en la calle Carmen |
| 260 ## - PUBLICATION, DISTRIBUTION, ETC. (IMPRINT) | |
| Place of publication, distribution, etc | Houston, TX : |
| Name of publisher, distributor, etc | Piñata Books, |
| Date of publication, distribution, etc | 2007. |
| 300 ## - PHYSICAL DESCRIPTION | |
| Extent | 1 v. (unpaged) : |
| Other physical details | col. ill. ; |
| Dimensions | 29 cm. |
| 520 ## - SUMMARY, ETC. | |
| Summary, etc | While she and her classmates wait for the caterpillars they are raising to be transformed into Monarch butterflies, Julianita's grandfather tells her about the annual migration of these butterflies to his hometown in Mexico. |
| 650 #0 - SUBJECT ADDED ENTRY--TOPICAL TERM | |
| Topical term or geographic name as entry element | Monarch butterfly |
| Form subdivision | Juvenile fiction. |
| 9 (RLIN) | 5730670 |
| 650 #0 - SUBJECT ADDED ENTRY--TOPICAL TERM | |
| Topical term or geographic name as entry element | Butterflies |
| Form subdivision | Juvenile fiction. |
| 9 (RLIN) | 5699015 |
| 650 #0 - SUBJECT ADDED ENTRY--TOPICAL TERM | |
| Topical term or geographic name as entry element | Grandfathers |
| Form subdivision | Juvenile fiction. |
| 9 (RLIN) | 5684780 |
| 650 #0 - SUBJECT ADDED ENTRY--TOPICAL TERM | |
| Topical term or geographic name as entry element | Mexican Americans |
| Form subdivision | Juvenile fiction. |
| 9 (RLIN) | 5717171 |
| 650 #1 - SUBJECT ADDED ENTRY--TOPICAL TERM | |
| Topical term or geographic name as entry element | Monarch butterfly |
| Form subdivision | Fiction. |
| 9 (RLIN) | 5730669 |
| 650 #1 - SUBJECT ADDED ENTRY--TOPICAL TERM | |
| Topical term or geographic name as entry element | Butterflies |
| Form subdivision | Fiction. |
| 9 (RLIN) | 5675629 |
| 650 #1 - SUBJECT ADDED ENTRY--TOPICAL TERM | |
| Topical term or geographic name as entry element | Grandfathers |
| Form subdivision | Fiction. |
| 9 (RLIN) | 5684783 |
| 650 #1 - SUBJECT ADDED ENTRY--TOPICAL TERM | |
| Topical term or geographic name as entry element | Mexican Americans |
| Form subdivision | Fiction. |
| 9 (RLIN) | 5685155 |
| 650 #1 - SUBJECT ADDED ENTRY--TOPICAL TERM | |
| Topical term or geographic name as entry element | Spanish language materials |
| General subdivision | Bilingual. |
| 9 (RLIN) | 102597 |
| 700 1# - ADDED ENTRY--PERSONAL NAME | |
| Personal name | Ward, April, |
| Relator term | ill. |
| 9 (RLIN) | 5851621 |
| 700 1# - ADDED ENTRY--PERSONAL NAME | |
| Personal name | Ventura, Gabriela Baeza. |
| 9 (RLIN) | 5851622 |
| 942 ## - ADDED ENTRY ELEMENTS (KOHA) | |
| Koha item type | BOOK |
| 998 ## - LOCAL CONTROL INFORMATION (RLIN) | |
| -- | a123674 |
| Withdrawn status | Lost status | Source of classification or shelving scheme | Damaged status | Not for loan | Collection code | Home library | Current library | Shelving location | Date acquired | Cost, normal purchase price | Total Checkouts | Total Renewals | Full call number | Barcode | Date last seen | Date checked out | Cost, replacement price | Price effective from | Koha item type |
|---|---|---|---|---|---|---|---|---|---|---|---|---|---|---|---|---|---|---|---|
| Dewey Decimal Classification | Spanish Children Picture Book | Wasatch County Library | Wasatch County Library | First Floor | 05/07/2008 | 15.95 | 24 | 3 | E Bro | 34301000723884 | 10/16/2025 | 10/02/2025 | 15.95 | 03/20/2020 | BOOK |
